| 000 | 00543cam a2200193ua 4500 | ||
|---|---|---|---|
| 020 | _c25.00 | ||
| 041 |
_aeng _h |
||
| 082 |
_a028.7563 _bLAL/AN |
||
| 100 | _aLall, R.R . | ||
| 245 | 0 | 0 |
_aAnnotated bibliography of Agricultural Engineering research in India / _cR.R.Lall. _hTextual Documents |
| 260 |
_aBhopal : _bCentral Institute of Agricultural Engineering , _c1981. |
||
| 300 | _a320 ; . | ||
| 365 | _a25.00 | ||
| 504 | _a | ||
| 700 | 1 | _aSrivastava, P.K . | |
| 700 | 1 | _aTarun, Kapur . | |
| 942 | _cBK | ||
| 999 |
_c8866 _d8866 |
||